Southville International School and Colleges
Your cart is empty.
  • Cart
  • Lists
    Public lists Eva Luna New books Lux_list list_1
    Your lists Log in to create your own lists
  • Log in to your account
  • Your cookies
  • Search history
Southville International School and Colleges
  • Advanced search
  • Recent comments
  • Most popular
  • Libraries

Log in to your account

Log in with GOOGLE


If you do not have an external account, but do have a local account, you can still log in:

  1. Home
  2. MARC view: Skills in modern history /
Normal view MARC view ISBD view

Skills in modern history / (Record no. 3069)

[ view plain ]
MARC details
000 -LEADER
fixed length control field 00850nam a2200301 a 4500
001 - CONTROL NUMBER
control field 2632182
003 - CONTROL NUMBER IDENTIFIER
control field OSt
005 - DATE AND TIME OF LATEST TRANSACTION
control field 20140310181748.0
008 - FIXED-LENGTH DATA ELEMENTS--GENERAL INFORMATION
fixed length control field 920525s1993 xnaabh 001 0 eng d
020 ## - INTERNATIONAL STANDARD BOOK NUMBER
International Standard Book Number 9780855831929
Terms of availability $22.95
040 ## - CATALOGING SOURCE
Original cataloging agency ANB
Language of cataloging eng
Transcribing agency ANB
Modifying agency ANL
050 ## - LIBRARY OF CONGRESS CALL NUMBER
Classification number D 835
Item number .K47 1993
082 04 - DEWEY DECIMAL CLASSIFICATION NUMBER
Classification number IB 909.08
Item number K54 1993
100 1# - MAIN ENTRY--PERSONAL NAME
Personal name Kiem, Paul.
245 10 - TITLE STATEMENT
Title Skills in modern history /
Statement of responsibility, etc Paul Kiem.
260 ## - PUBLICATION, DISTRIBUTION, ETC. (IMPRINT)
Place of publication, distribution, etc Marrickville, N.S.W. :
Name of publisher, distributor, etc Science Press,
Date of publication, distribution, etc 1993.
300 ## - PHYSICAL DESCRIPTION
Extent 330 p. :
Other physical details ill., facsims., maps ;
Dimensions 28 cm.
500 ## - GENERAL NOTE
General note CIP confirmed.
500 ## - GENERAL NOTE
General note For senior secondary school students.
504 ## - BIBLIOGRAPHY, ETC. NOTE
Bibliography, etc Includes bibliographies and index.
521 ## - TARGET AUDIENCE NOTE
Target audience note
526 ## - STUDY PROGRAM INFORMATION NOTE
Reading level 1210L 1700L
541 ## - IMMEDIATE SOURCE OF ACQUISITION NOTE
-- 1
562 ## - COPY AND VERSION IDENTIFICATION NOTE
Number of copies 1
650 #0 - SUBJECT ADDED ENTRY--TOPICAL TERM
Topical term or geographic name as entry element History, Modern.
650 #0 - SUBJECT ADDED ENTRY--TOPICAL TERM
Topical term or geographic name as entry element History
General subdivision Methodology.
942 ## - ADDED ENTRY ELEMENTS (KOHA)
Source of classification or shelving scheme Library of Congress Classification
Koha item type
Call number prefix
Holdings
Withdrawn status Lost status Source of classification or shelving scheme Damaged status Home library Current library Shelving location Date acquired Total Checkouts Full call number Barcode Date last seen Copy number Price effective from Koha item type
    Library of Congress Classification   Luxembourg Library Luxembourg Library International Baccalaureate Section 06/25/2013   D 835 .K47 1993 16034 08/13/2013 1 06/25/2013 Books

Skills in modern history /

APA

Kiem P., . (1993). Skills in modern history. Marrickville, N.S.W: Science Press.

Chicago

Kiem Paul, . 1993. Skills in modern history. Marrickville, N.S.W: Science Press.

Harvard

Kiem P., . (1993). Skills in modern history. Marrickville, N.S.W: Science Press.

MLA

Kiem Paul, . Skills in modern history. Marrickville, N.S.W: Science Press. 1993.

  • Place hold
  • Print
  • Cite
  • Add to your cart (remove)
  • Save record
    BIBTEX Dublin Core MARCXML MARC (non-Unicode/MARC-8) MARC (Unicode/UTF-8) MARC (Unicode/UTF-8, Standard) MODS (XML) RIS
  • More searches
    Search for this title in:
    Other Libraries (WorldCat) Other Databases (Google Scholar) Online Stores (Bookfinder.com) Open Library (openlibrary.org)

Exporting to Dublin Core...

SOUTHVILLE LIBRARY

Southville International School and Colleges Library

1281 Tropical Ave. Cor. Luxembourg St., BF Homes International, Las Pinas City

Tel. No. 8256374 / 252358 Loc. 117/146

Powered by Koha